| 000 | 00648nam a2200229 a 4500 | ||
|---|---|---|---|
| 001 | BRL_750 | ||
| 005 | 20190320210859.0 | ||
| 008 | 011013s193u----gw-#######---#000-0#ger-# | ||
| 041 | _ager | ||
| 044 | _agw | ||
| 050 | 4 |
_aML410.M9 _b.T46 1930 |
|
| 100 | 1 |
_aTenschert, Roland _924829 |
|
| 245 | 1 | 0 |
_aMozart _cvon Roland Tenschert. |
| 260 |
_aLeipzig _bPhilipp Reclam Jun. _c[1930] |
||
| 300 |
_a148 p. _c15 cm. |
||
| 440 | 0 |
_aMusiker biographien _vBand. 1 _924830 |
|
| 500 | _aAu813 | ||
| 600 | 1 | 4 |
_aMozart, Wolfgang Amadeus _d1756-1791 _vBiografĂa _924831 |
| 650 | 1 | 4 |
_aCompositores austriacos _vBiografĂa _924832 |
| 902 | _aGRL | ||
| 942 |
_2lcc _cB |
||
| 999 |
_c9562 _d9562 |
||